Tuyển tập truyện ngắn - thơ - trường ca
Đã lưu trong:
| Príomhúdar: | |
|---|---|
| Formáid: | Leabhar |
| Teanga: | Undetermined |
| Foilsithe: |
H.
Hội nhà văn
2019
|
| Ábhair: | |
| Rochtain Ar Líne: | http://lrc.tdmu.edu.vn/opac/search/detail.asp?aID=2&ID=41049 |
| Clibeanna: |
Cuir Clib Leis
Gan Chlibeanna, Bí ar an gcéad duine leis an taifead seo a chlibeáil!
|
| Thư viện lưu trữ: | Trung tâm Học liệu Trường Đại học Thủ Dầu Một |
|---|
| LEADER | 00739nam a2200193Ia 4500 | ||
|---|---|---|---|
| 001 | TDMU_41049 | ||
| 008 | 210410s9999 xx 000 0 und d | ||
| 082 | |a 895.92209 | ||
| 090 | |b NG527 | ||
| 100 | |a Nguyễn, Minh Hằng | ||
| 245 | 0 | |a Tuyển tập truyện ngắn - thơ - trường ca | |
| 245 | 0 | |c Nguyễn Minh Hằng | |
| 260 | |a H. | ||
| 260 | |b Hội nhà văn | ||
| 260 | |c 2019 | ||
| 300 | |a 215 tr. | ||
| 650 | |a Văn học Việt Nam |x Truyện ngắn |x Thơ |x Trường ca; Truyện ngắn |x Thơ |x Trường ca |x Văn học |z Việt Nam | ||
| 856 | |u http://lrc.tdmu.edu.vn/opac/search/detail.asp?aID=2&ID=41049 | ||
| 980 | |a Trung tâm Học liệu Trường Đại học Thủ Dầu Một | ||